| 000 | 01039nam a2200217Ia 4500 | ||
|---|---|---|---|
| 999 |
_c40348 _d40348 |
||
| 001 | 6956 | ||
| 003 | GE_BSU | ||
| 005 | 20190701162953.0 | ||
| 008 | 181216s1986|||| |||||||||||||| ||geo|| | ||
| 041 | _ageo | ||
| 080 | _a621.753.4 შ-22 | ||
| 100 |
_aშანშიაშვილი,გ. _93134 |
||
| 245 |
_aუნივერსალური ასაწყობი სამარჯვები : დამხმ. სახელმძღვ. / _cგ. შანშიაშვილი ; მ. ნიკოლაიშვილი ; რედ : ე. გიორგაძე. |
||
| 264 |
_aთბილისი : _bსპი, _c1986. |
||
| 300 |
_a75 გვ .: _bილ; _c20 სმ. |
||
| 504 | _aბიბლიოგრ.: გვ. 73 (11 სხწ.) | ||
| 653 | _aუნივერსალური ასაწყობი სამარჯვები | ||
| 700 |
_aნიკოლაიშვილი, მ _93135 |
||
| 700 |
_aგიორგაძე, ე _eრედაქტორი _9398 |
||
| 942 |
_cBK _2udc |
||